01428nam a2200313 u 450000100100000000500170001000800410002702000180006804300120008608200130009810000280011124501250013925000120026426000450027630000110032149000200033250000460035250000210039852004560041965000190087565000230089465000240091765000280094165000280096965000310099770000410102870000300106999900150109900004650520200120222453.0110829s2010 cau r 000 0 spa d a9788426376923 ae-sp---04aJNbHONM1 aHonaker, Michel,d1958-14aLos exiliados del zar /cMichel Honaker ; traducción : Ana María Navarrete Curbelo ; edición : Juan Nieto Marín. a1a. ed. aZaragoza (España) :bEdelvives,c2010. a260 p. 0aTierra negrav1 aTítulo original : Les exilés du tsar. aIncluye índice3 a"1887. San Petesburgo. Stepan, joven compositor, alegra con su música el espíritu del zar. Pero tanto éxito molesta, así que es acusado de conspirar contra el poder. En Rusia no hay sitio para los traidores. Stepan debe abandonar sus tierras de Ucrania, que tanto ama: el oscuro dominio de Tierra Negra, y a Natalia, su única aliada. Su exilio se convierte rápidamente en una persecución despiadada contra él, de la que logra escapar."17aNovela juvenil27aLiteratura juvenil27aLiteratura francesa27aExilio en la literatura27aViajes en la literatura27aAventuras en la literatura1 aNavarrete Curbelo, Ana María,etr.1 aNieto Marín, Juan,eed. c2892d2892